000 00615nam a22001937a 4500
999 _c166219
_d166219
005 20190717105848.0
010 _aENG-125960
020 _a9789386767445
_c399.00
035 _aEN-109492
037 _bDBAD/PUB
082 _a616.852
100 _aTripathi,Amrita
245 _aReal stories with dealing with depression /
_cby Amrita Tripathi [and] Arpita Anand
260 _aNew Delhi
_bSimon and Schuster
_c2019
270 _a818, Indraprakash Building , 21 Barakhamba Road
_bNew Delhi
_e110001
300 _a251p.
_c18cm(pbk)
700 _aAnand, Arpita
942 _2ddc
_cEN
_h616.852
_mTRI